images (140×140)   Dow University of Health Sciences Library Catalogue

Welcome to Dow University of Health Sciences Library Online Public Access Catalog

Breast Calcification :a diagnostic manual (Record no. 18060)

MARC details
000 -LEADER
fixed length control field 00313nam a2200121Ia 4500
008 - FIXED-LENGTH DATA ELEMENTS--GENERAL INFORMATION
fixed length control field 241014s9999||||xx |||||||||||||| ||und||
020 ## - INTERNATIONAL STANDARD BOOK NUMBER
International Standard Book Number 1-84110-111-7
100 ## - MAIN ENTRY--PERSONAL NAME
Personal name Evans,Andy
245 #0 - TITLE STATEMENT
Title Breast Calcification :a diagnostic manual
260 ## - PUBLICATION, DISTRIBUTION, ETC.
Name of publisher, distributor, etc. Geenwhich Medical Media
Date of publication, distribution, etc. 2002
300 ## - PHYSICAL DESCRIPTION
Extent 191
942 ## - ADDED ENTRY ELEMENTS (KOHA)
-- ION
Koha item type Books

No items available.




©2026, All rights reserved. Dow University of Health Sciences, Karachi, Pakistan.